[Event "3rd open PLEVEN XXI"]
[Site "Pleven"]
[Date "2016.10.07"]
[Round "1.1"]
[White "Tsekov, Svetozar"]
[Black "Nanovski, Stiliyan"]
[Result "0-1"]
[WhiteElo "2198"]
[BlackElo "1710"]
[PlyCount "52"]
[EventDate "2016.10.07"]
[EventType "swiss"]
[EventRounds "7"]
[EventCountry "BUL"]

1. d4 Nf6 2. c4 g6 3. Nc3 d5 4. Bg5 Bg7 5. Bxf6 Bxf6 6. Nxd5 Bg7 7. e3 c5 8.
Nf3 Nc6 9. Qd2 cxd4 10. exd4 Bg4 11. O-O-O Bxf3 12. gxf3 e6 13. Nc3 Nxd4 14.
Qe3 Qh4 15. Kb1 O-O 16. f4 Nf5 17. Qf3 Rfd8 18. Bd3 Nd4 19. Qg3 Qe7 20. h4 Qb4
21. Rc1 Rac8 22. h5 Nb5 23. Nd1 Na3+ 24. Ka1 Nxc4 25. Rc2 Nxb2 26. Rxb2 Rc1+
0-1

[Event "3rd open PLEVEN XXI"]
[Site "Pleven"]
[Date "2016.10.07"]
[Round "1.2"]
[White "Ignatov, Georgi"]
[Black "Mishev, Liubomir"]
[Result "1/2-1/2"]
[WhiteElo "1690"]
[BlackElo "2145"]
[PlyCount "61"]
[EventDate "2016.10.07"]
[EventType "swiss"]
[EventRounds "7"]
[EventCountry "BUL"]

1. Nf3 Nf6 2. g3 b6 3. Bg2 Bb7 4. O-O c5 5. d3 d6 6. e4 Nbd7 7. Nc3 a6 8. a4
Rb8 9. Bg5 Qc7 10. Re1 h6 11. Bxf6 gxf6 12. d4 e6 13. d5 Bg7 14. Nh4 O-O 15.
Qh5 c4 16. Ne2 Qc5 17. Nf4 Rfe8 18. Bh3 Nf8 19. Qg4 Kh7 20. Nh5 Bh8 21. Qf4 Qd4
22. Nf3 Qxb2 23. Rab1 Qc3 24. Re3 Qxc2 25. Rbe1 Qb2 26. e5 f5 27. Nh4 dxe5 28.
Bxf5+ exf5 29. Qxf5+ Kg8 30. Qg4+ Kh7 31. Qf5+ 1/2-1/2

[Event "3rd open PLEVEN XXI"]
[Site "Pleven"]
[Date "2016.10.07"]
[Round "1.3"]
[White "Bochev, Krasimir"]
[Black "Babatov, Martin"]
[Result "1-0"]
[WhiteElo "2137"]
[BlackElo "1634"]
[PlyCount "75"]
[EventDate "2016.10.07"]
[EventType "swiss"]
[EventRounds "7"]
[EventCountry "BUL"]

1. Nf3 c6 2. g3 d5 3. Bg2 Bf5 4. O-O e6 5. d3 Nf6 6. c4 dxc4 7. dxc4 Qxd1 8.
Rxd1 Nbd7 9. Nc3 h6 10. Bf4 g5 11. Bd2 Bg7 12. h4 g4 13. Nd4 Bg6 14. Nb3 Bc2
15. Re1 Bxb3 16. axb3 O-O 17. Bf4 e5 18. Be3 a6 19. Red1 Rfe8 20. Ne4 Bf8 21.
Nd6 Bxd6 22. Rxd6 Kg7 23. Rad1 Re7 24. b4 Rc8 25. b3 Rc7 26. Kf1 Kh7 27. Bc1
Kg7 28. Kg1 Kh7 29. f3 gxf3 30. exf3 Kg7 31. Bh3 Kh7 32. Bf5+ Kg7 33. g4 Nf8
34. g5 hxg5 35. Bxg5 N8h7 36. Bh6+ Kg8 37. Bxh7+ Nxh7 38. Rd8+ 1-0

[Event "3rd open PLEVEN XXI"]
[Site "Pleven"]
[Date "2016.10.07"]
[Round "1.5"]
[White "Dereshki, Dario"]
[Black "Ilieva, Nikol"]
[Result "1-0"]
[WhiteElo "2126"]
[BlackElo "1605"]
[PlyCount "72"]
[EventDate "2016.10.07"]
[EventType "swiss"]
[EventRounds "7"]
[EventCountry "BUL"]

1. d4 Nf6 2. c4 g6 3. Nc3 Bg7 4. e4 O-O 5. Nf3 d6 6. Be2 Nbd7 7. O-O e5 8. Re1
Ne8 9. d5 a5 10. b3 Nc5 11. a3 f5 12. Bf1 Nf6 13. exf5 Bxf5 14. Bb2 e4 15. Nd4
Ng4 16. Nxf5 gxf5 17. h3 Ne5 18. b4 axb4 19. axb4 Rxa1 20. Bxa1 Ncd3 21. Bxd3
Nxd3 22. Re3 Qh4 23. Rg3 Nxf2 24. Rxg7+ Kxg7 25. Nxe4+ Kf7 26. Nxf2 Re8 27. Bc3
Re3 28. Bd4 Rg3 29. Kh2 Qf4 30. Kg1 Qg5 31. Qf1 Qd2 32. Qa1 Qg5 33. Kh1 Rxg2
34. Qf1 Rg3 35. Ne4 Qg6 36. Nxg3 Qxg3 1-0

[Event "3rd open PLEVEN XXI"]
[Site "Pleven"]
[Date "2016.10.07"]
[Round "1.7"]
[White "Velickovski-Nejkovic, Maja"]
[Black "Georgiev, Nikolay Zh."]
[Result "1-0"]
[WhiteElo "2106"]
[BlackElo "1574"]
[PlyCount "35"]
[EventDate "2016.10.07"]
[EventType "swiss"]
[EventRounds "7"]
[EventCountry "BUL"]

1. c4 e5 2. Nc3 Bc5 3. Nf3 Nc6 4. e3 Bb6 5. a3 f5 6. d4 e4 7. Nd2 a6 8. c5 Ba7
9. Bc4 Nf6 10. b4 d5 11. cxd6 cxd6 12. Qb3 Qe7 13. a4 Nd8 14. b5 Qc7 15. Ba3
Ke7 16. Rc1 Qb6 17. Bd5 Be6 18. Nc4 1-0

[Event "3rd open PLEVEN XXI"]
[Site "Pleven"]
[Date "2016.10.07"]
[Round "1.9"]
[White "Samu, Sorin-Mihai"]
[Black "Georgiev, Kristian"]
[Result "1-0"]
[WhiteElo "2066"]
[BlackElo "1530"]
[PlyCount "63"]
[EventDate "2016.10.07"]
[EventType "swiss"]
[EventRounds "7"]
[EventCountry "BUL"]

1. c4 c5 2. Nc3 Nf6 3. g3 g6 4. Bg2 Bg7 5. e3 e6 6. Nge2 O-O 7. Nf4 Nc6 8. a3
d6 9. h4 Ne7 10. b4 d5 11. Qb3 d4 12. exd4 cxd4 13. Ne4 Nf5 14. d3 Re8 15. O-O
Nd7 16. Bd2 Ne5 17. Rfe1 Rb8 18. a4 b6 19. b5 Bb7 20. a5 Ba8 21. axb6 axb6 22.
Ra7 Re7 23. Rea1 Rxa7 24. Rxa7 Nd7 25. Bb4 Bxe4 26. Bxe4 Nc5 27. Bxc5 bxc5 28.
Qa3 Be5 29. Bxf5 exf5 30. Nd5 Bd6 31. Qa6 f4 32. Rd7 1-0

[Event "3rd open PLEVEN XXI"]
[Site "Pleven"]
[Date "2016.10.07"]
[Round "1.18"]
[White "Filipov, Valentin"]
[Black "Vasilev, Vergil"]
[Result "0-1"]
[WhiteElo "1237"]
[BlackElo "1956"]
[PlyCount "38"]
[EventDate "2016.10.07"]
[EventType "swiss"]
[EventRounds "7"]
[EventCountry "BUL"]

1. e4 d5 2. d3 dxe4 3. dxe4 Qxd1+ 4. Kxd1 Nc6 5. Bf4 e5 6. Bg3 Be6 7. Ke1 O-O-O
8. Nc3 Bb4 9. a3 Ba5 10. Nf3 f6 11. Bb5 Nge7 12. Ke2 g5 13. Rad1 g4 14. Nh4
Nd4+ 15. Ke3 Nxc2+ 16. Ke2 Nd4+ 17. Ke3 Bxc3 18. bxc3 Nxb5 19. Rc1 Nxa3 0-1

[Event "3rd open PLEVEN XXI"]
[Site "Pleven"]
[Date "2016.10.08"]
[Round "2.3"]
[White "Radev, Rumen Ang."]
[Black "Dereshki, Dario"]
[Result "0-1"]
[WhiteElo "1946"]
[BlackElo "2126"]
[PlyCount "66"]
[EventDate "2016.10.07"]
[EventType "swiss"]
[EventRounds "7"]
[EventCountry "BUL"]

1. Nf3 d5 2. d3 c5 3. Nbd2 Nc6 4. e4 Bg4 5. Be2 e5 6. c3 Nf6 7. Qc2 Be7 8. Nf1
c4 9. exd5 cxd3 10. Bxd3 Nxd5 11. Be2 O-O 12. Ng3 Rc8 13. O-O Be6 14. Nf5 Bf6
15. Rd1 Qb6 16. Ng5 Bxg5 17. Bxg5 Nd4 18. Nxd4 exd4 19. c4 Nb4 20. Qc1 f6 21.
Bf4 Rfd8 22. b3 d3 23. Bf3 Nc2 24. Rb1 Bf5 25. Qd2 Nd4 26. Bd5+ Rxd5 27. cxd5
Rc2 28. Qe3 Re2 29. Qc1 Nf3+ 30. Kh1 Qxf2 31. Rg1 Nxg1 32. Qxg1 Qxf4 33. Qxa7
d2 0-1

[Event "3rd open PLEVEN XXI"]
[Site "Pleven"]
[Date "2016.10.08"]
[Round "2.10"]
[White "Arnaudov, Petar D."]
[Black "Kirilov, Ivaylo"]
[Result "1-0"]
[WhiteElo "2027"]
[BlackElo "1847"]
[PlyCount "33"]
[EventDate "2016.10.07"]
[EventType "swiss"]
[EventRounds "7"]
[EventCountry "BUL"]

1. d4 Nf6 2. Bg5 g6 3. Nc3 d5 4. f3 Bg7 5. e4 c6 6. e5 Nfd7 7. Qd2 O-O 8. Bh6
f6 9. Bxg7 Kxg7 10. f4 fxe5 11. fxe5 Nb6 12. Nf3 Be6 13. O-O-O Qd7 14. Bd3 Na6
15. h4 Bg4 16. Rde1 Nb4 17. h5 1-0

[Event "3rd open PLEVEN XXI"]
[Site "Pleven"]
[Date "2016.10.08"]
[Round "2.12"]
[White "Petkov, Martin"]
[Black "Mitev, Valentin"]
[Result "0-1"]
[WhiteElo "1781"]
[BlackElo "1992"]
[PlyCount "94"]
[EventDate "2016.10.07"]
[EventType "swiss"]
[EventRounds "7"]
[EventCountry "BUL"]

1. e4 c5 2. Nc3 Nc6 3. g3 g6 4. Bg2 Bg7 5. Nf3 d6 6. O-O e5 7. d3 Nge7 8. Ng5
h6 9. Nh3 O-O 10. f4 f5 11. Nd5 Nxd5 12. exd5 Ne7 13. Rb1 Rb8 14. c4 b5 15. b3
bxc4 16. dxc4 e4 17. Be3 Qa5 18. Qc2 Qa3 19. Nf2 Rb6 20. Bc1 Qa6 21. h4 Bd4 22.
Kh2 Kh7 23. g4 e3 24. Nd1 fxg4 25. Nxe3 g3+ 26. Kxg3 Bxe3 27. Bxe3 Nf5+ 28. Kf2
Nxe3 29. Kxe3 Bf5 30. Qb2 Bxb1 31. Qxb1 Qc8 32. h5 Re8+ 33. Kf3 Qf5 34. hxg6+
Qxg6 35. Qxg6+ Kxg6 36. Bh3 Kf6 37. Be6 Rb7 38. Rh1 Rh8 39. Rh5 a5 40. Rf5+ Kg6
41. Kg4 Ra8 42. Rh5 a4 43. f5+ Kg7 44. f6+ Kxf6 45. Rxh6+ Ke5 46. Rh5+ Kd4 47.
Kf5 Rf8+ 0-1

[Event "3rd open PLEVEN XXI"]
[Site "Pleven"]
[Date "2016.10.08"]
[Round "2.14"]
[White "Nanovski, Stiliyan"]
[Black "Antov, Anton"]
[Result "1-0"]
[WhiteElo "1710"]
[BlackElo "2027"]
[PlyCount "91"]
[EventDate "2016.10.07"]
[EventType "swiss"]
[EventRounds "7"]
[EventCountry "BUL"]

1. c4 e6 2. Nc3 f5 3. d4 Nf6 4. Nf3 Bb4 5. Bd2 O-O 6. e3 b6 7. Bd3 Bb7 8. a3
Bxc3 9. Bxc3 Be4 10. O-O Bxd3 11. Qxd3 Ne4 12. Rac1 Nc6 13. d5 Ne7 14. Rfd1
exd5 15. cxd5 d6 16. Nd4 Nc5 17. Qc4 Rf7 18. b4 Ne4 19. Ne6 Qd7 20. Qxc7 Qxc7
21. Nxc7 Rc8 22. Bb2 h5 23. f3 Nf6 24. Nb5 Rxc1 25. Rxc1 Nfxd5 26. Nxd6 Rf8 27.
e4 fxe4 28. Nxe4 Nf5 29. Rd1 Nfe7 30. Nc3 Nxc3 31. Bxc3 Rc8 32. Bb2 Rc2 33. Rd7
Nf5 34. Be5 Re2 35. f4 a5 36. bxa5 bxa5 37. Ra7 g5 38. Rxa5 Ne3 39. Bd4 gxf4
40. Bxe3 Rxe3 41. Rxh5 Rxa3 42. Rf5 Ra4 43. Kf2 Kg7 44. Kf3 Kg6 45. Rxf4 Ra3+
46. Kg4 1-0

[Event "3rd open PLEVEN XXI"]
[Site "Pleven"]
[Date "2016.10.08"]
[Round "2.17"]
[White "Nasar, Lazar"]
[Black "Tsekov, Svetozar"]
[Result "0-1"]
[WhiteElo "1394"]
[BlackElo "2198"]
[PlyCount "64"]
[EventDate "2016.10.07"]
[EventType "swiss"]
[EventRounds "7"]
[EventCountry "BUL"]

1. e4 c5 2. d3 g6 3. g3 Bg7 4. c3 Nc6 5. Qc2 d6 6. f4 e6 7. Be3 Nge7 8. Bg2 O-O
9. Ne2 b5 10. Nd2 Bb7 11. O-O Rc8 12. Rad1 Nd4 13. Bxd4 cxd4 14. Qb3 dxc3 15.
bxc3 Qb6+ 16. Kh1 Rc7 17. d4 Rfc8 18. Rc1 Nc6 19. Rb1 b4 20. Nf3 Qa6 21. Qb2
bxc3 22. Nxc3 Nxd4 23. e5 Bxf3 24. Rxf3 Nxf3 25. Bxf3 Rxc3 26. Bb7 Qc4 27. Bxc8
Qxc8 28. exd6 Qc6+ 29. Qg2 Rc1+ 30. Rxc1 Qxc1+ 31. Qg1 Qc6+ 32. Qg2 Qxd6 0-1

[Event "3rd open PLEVEN XXI"]
[Site "Pleven"]
[Date "2016.10.08"]
[Round "2.18"]
[White "Babatov, Martin"]
[Black "Filipov, Valentin"]
[Result "1-0"]
[WhiteElo "1634"]
[BlackElo "1237"]
[PlyCount "57"]
[EventDate "2016.10.07"]
[EventType "swiss"]
[EventRounds "7"]
[EventCountry "BUL"]

1. d4 d5 2. c4 c6 3. Bf4 Nf6 4. e3 Bf5 5. Nc3 Qb6 6. Qb3 e6 7. c5 Qxb3 8. axb3
Bc2 9. b4 Nbd7 10. Nf3 Ne4 11. Nxe4 Bxe4 12. Be2 Nf6 13. h3 Be7 14. O-O h6 15.
b5 g5 16. Be5 Rg8 17. bxc6 bxc6 18. Ra6 g4 19. hxg4 Rxg4 20. Rxc6 h5 21. Ra1 h4
22. Kf1 Nh5 23. Rca6 Rg6 24. Rxa7 Rxa7 25. Rxa7 Rg4 26. Bb5+ Kf8 27. Ra8+ Bd8
28. Rxd8+ Ke7 29. Re8# 1-0

[Event "3rd open PLEVEN XXI"]
[Site "Pleven"]
[Date "2016.10.08"]
[Round "2.19"]
[White "Ilieva, Ralitsa"]
[Black "Vachev, Lenko"]
[Result "1-0"]
[WhiteElo "1289"]
[BlackElo "1628"]
[PlyCount "69"]
[EventDate "2016.10.07"]
[EventType "swiss"]
[EventRounds "7"]
[EventCountry "BUL"]

1. d4 d5 2. c4 e6 3. Nc3 Nf6 4. Nf3 c5 5. Bg5 Be7 6. e3 Nc6 7. cxd5 Nxd5 8.
Bxe7 Qxe7 9. Bd3 cxd4 10. Nxd4 Nxd4 11. exd4 Nf4 12. O-O O-O 13. Be4 Qg5 14.
Qf3 Rb8 15. Rac1 Rd8 16. Rfd1 a6 17. d5 exd5 18. Nxd5 Nxd5 19. Bxd5 Be6 20.
Bxe6 Rxd1+ 21. Rxd1 fxe6 22. h3 Qf6 23. Qb3 Qe7 24. Re1 Re8 25. f4 g6 26. Re5
b5 27. f5 Qd6 28. Rxe6 Rxe6 29. fxe6 Qc5+ 30. Kf1 Qc4+ 31. Qxc4 bxc4 32. Ke2
Kf8 33. Kd2 Ke7 34. Kc3 Kxe6 35. Kxc4 1-0

[Event "3rd open PLEVEN XXI"]
[Site "Pleven"]
[Date "2016.10.08"]
[Round "2.21"]
[White "Lenkova, Lyubomira"]
[Black "Paskalev, Vasil"]
[Result "0-1"]
[WhiteElo "1196"]
[BlackElo "1590"]
[PlyCount "46"]
[EventDate "2016.10.07"]
[EventType "swiss"]
[EventRounds "7"]
[EventCountry "BUL"]

1. d4 Nf6 2. Nf3 c5 3. d5 e6 4. c4 exd5 5. cxd5 d6 6. Nc3 g6 7. e4 Bg7 8. Bd3
O-O 9. O-O a6 10. Re1 Nbd7 11. Bf4 Qc7 12. Rc1 Ng4 13. h3 Nge5 14. Bb1 Nxf3+
15. Qxf3 Ne5 16. Qe2 b5 17. a3 Bd7 18. Bxe5 Bxe5 19. Qe3 Qb6 20. Kh1 Bd4 21.
Qg3 b4 22. axb4 cxb4 23. Re2 bxc3 0-1

[Event "3rd open PLEVEN XXI"]
[Site "Pleven"]
[Date "2016.10.08"]
[Round "2.22"]
[White "Georgiev, Nikolay Zh."]
[Black "Klaklov, Adrian"]
[Result "1-0"]
[WhiteElo "1574"]
[BlackElo "1105"]
[PlyCount "89"]
[EventDate "2016.10.07"]
[EventType "swiss"]
[EventRounds "7"]
[EventCountry "BUL"]

1. e4 c5 2. Bc4 Nc6 3. f4 e6 4. Bb3 g6 5. Nf3 Bg7 6. Nc3 Nge7 7. O-O O-O 8. d3
d5 9. e5 d4 10. Ne4 Nf5 11. Nxc5 Qb6 12. Ne4 Ne3 13. Bxe3 dxe3 14. Qe2 Rd8 15.
Rfe1 Bh6 16. g3 Bf8 17. Qxe3 Qa5 18. c3 Qb5 19. d4 a5 20. Qe2 Qb6 21. Bc4 Bd7
22. a4 Rac8 23. Nf6+ Kh8 24. Nxd7 Rxd7 25. Bb5 Rdc7 26. Ng5 Rd8 27. Bxc6 Qxc6
28. Qb5 Rdd7 29. Qxc6 Rxc6 30. Ne4 Rb6 31. Re2 Rc7 32. Kf2 Kg7 33. Ke3 Kh6 34.
Kd3 Rd7 35. g4 Be7 36. g5+ Kg7 37. h4 h5 38. Kc2 Rc7 39. Rd1 Rc4 40. b3 Rc7 41.
d5 exd5 42. Rxd5 Rbc6 43. Red2 Bb4 44. R2d3 Be7 45. Rxa5 1-0

[Event "3rd open PLEVEN XXI"]
[Site "Pleven"]
[Date "2016.10.08"]
[Round "2.23"]
[White "Rasheva, Nora"]
[Black "Yordanova, Kristina"]
[Result "1/2-1/2"]
[WhiteElo "1126"]
[BlackElo "1554"]
[PlyCount "41"]
[EventDate "2016.10.07"]
[EventType "swiss"]
[EventRounds "7"]
[EventCountry "BUL"]

1. e4 d5 2. exd5 Nf6 3. d4 Qxd5 4. Nc3 Qd8 5. Nf3 e6 6. Bc4 c6 7. a4 Bd6 8. O-O
O-O 9. Bg5 h6 10. Bh4 Nbd7 11. Re1 Qc7 12. Ne2 Re8 13. Ng3 e5 14. Qd2 e4 15.
Ne5 Bxe5 16. dxe5 Nxe5 17. Bxf6 Nxc4 18. Qc3 gxf6 19. Qxc4 f5 20. f3 Be6 21.
Qc3 1/2-1/2

[Event "3rd open PLEVEN XXI"]
[Site "Pleven"]
[Date "2016.10.08"]
[Round "3.2"]
[White "Dereshki, Dario"]
[Black "Valov, Vesko"]
[Result "1-0"]
[WhiteElo "2126"]
[BlackElo "1989"]
[PlyCount "63"]
[EventDate "2016.10.07"]
[EventType "swiss"]
[EventRounds "7"]
[EventCountry "BUL"]

1. d4 d5 2. Nf3 Nf6 3. c4 g6 4. cxd5 Nxd5 5. e4 Nb6 6. Nc3 Bg7 7. Bf4 c6 8. Be2
O-O 9. O-O N8d7 10. Qd2 Re8 11. Rfd1 Nf6 12. Ne5 a5 13. Bh6 Rf8 14. Rac1 Qc7
15. Bxg7 Kxg7 16. Qf4 Nfd7 17. Nxg6 Qxf4 18. Nxf4 e5 19. dxe5 Nxe5 20. Nh5+ Kh8
21. f4 Ng6 22. Rd6 f5 23. e5 Ne7 24. Rcd1 Ned5 25. Nxd5 Nxd5 26. Bc4 a4 27.
Bxd5 cxd5 28. R1xd5 b5 29. Rxb5 Ba6 30. Rbb6 Bc4 31. Rb7 Bxa2 32. Rdd7 1-0

[Event "3rd open PLEVEN XXI"]
[Site "Pleven"]
[Date "2016.10.08"]
[Round "3.4"]
[White "Velickovski-Nejkovic, Maja"]
[Black "Marinov, Mariyan"]
[Result "1-0"]
[WhiteElo "2106"]
[BlackElo "1861"]
[PlyCount "63"]
[EventDate "2016.10.07"]
[EventType "swiss"]
[EventRounds "7"]
[EventCountry "BUL"]

1. c4 e5 2. Nc3 Nf6 3. Nf3 Nc6 4. d3 d5 5. cxd5 Nxd5 6. g3 Be7 7. Bg2 Be6 8.
O-O O-O 9. Bd2 h6 10. Qc1 f5 11. a3 Bf6 12. Qc2 Nd4 13. Nxd4 exd4 14. Na4 c6
15. Nc5 Qc8 16. Rac1 Bf7 17. Nb3 Re8 18. Bf3 Qd8 19. Na5 Qe7 20. Rfe1 Rac8 21.
Qa4 c5 22. Qb5 b6 23. Nc6 Qb7 24. Na5 Qc7 25. Nc4 Red8 26. a4 a6 27. Qxa6 Qc6
28. a5 Ra8 29. Qxb6 Nxb6 30. Bxc6 Rac8 31. Nxb6 Rxc6 32. b4 1-0

[Event "3rd open PLEVEN XXI"]
[Site "Pleven"]
[Date "2016.10.08"]
[Round "3.6"]
[White "Dyakov, Martin"]
[Black "Nanovski, Stiliyan"]
[Result "1-0"]
[WhiteElo "2034"]
[BlackElo "1710"]
[PlyCount "37"]
[EventDate "2016.10.07"]
[EventType "swiss"]
[EventRounds "7"]
[EventCountry "BUL"]

1. e4 c6 2. d4 d5 3. Nc3 dxe4 4. Nxe4 Nd7 5. Nf3 Ngf6 6. Nxf6+ Nxf6 7. g3 Bg4
8. Bg2 e6 9. O-O Be7 10. h3 Bh5 11. c3 O-O 12. Qe2 Nd5 13. c4 Nb6 14. Rd1 Bf6
15. Bf4 Qe7 16. g4 Bg6 17. g5 Bh5 18. gxf6 Qxf6 19. Be5 1-0

[Event "3rd open PLEVEN XXI"]
[Site "Pleven"]
[Date "2016.10.08"]
[Round "3.7"]
[White "Tsvetanov, David"]
[Black "Mishev, Liubomir"]
[Result "1/2-1/2"]
[WhiteElo "1923"]
[BlackElo "2145"]
[PlyCount "48"]
[EventDate "2016.10.07"]
[EventType "swiss"]
[EventRounds "7"]
[EventCountry "BUL"]

1. d4 Nf6 2. Nf3 e6 3. c4 Bb4+ 4. Nbd2 b6 5. e3 Bb7 6. Bd3 a5 7. a3 Bxd2+ 8.
Bxd2 d6 9. Qc2 Nbd7 10. e4 e5 11. Bc3 Qe7 12. O-O Nh5 13. b4 Nf4 14. dxe5 dxe5
15. Qd2 Nxd3 16. Qxd3 O-O 17. Nd2 Rfd8 18. Qg3 f6 19. Rab1 axb4 20. axb4 Ra3
21. Ra1 Rda8 22. Rxa3 Rxa3 23. Rd1 Nf8 24. Nb1 Ra2 1/2-1/2

[Event "3rd open PLEVEN XXI"]
[Site "Pleven"]
[Date "2016.10.08"]
[Round "3.9"]
[White "Mitrev, Emil"]
[Black "Naydenov, Nayden"]
[Result "1/2-1/2"]
[WhiteElo "2129"]
[BlackElo "1996"]
[PlyCount "77"]
[EventDate "2016.10.07"]
[EventType "swiss"]
[EventRounds "7"]
[EventCountry "BUL"]

1. e4 Nc6 2. d4 d5 3. e5 Bf5 4. c3 Qd7 5. f4 O-O-O 6. Nd2 f6 7. Ndf3 h5 8. a4
e6 9. b4 Nh6 10. Qb3 Be7 11. a5 Nf7 12. b5 Nb8 13. c4 fxe5 14. fxe5 dxc4 15.
Bxc4 g5 16. Be3 g4 17. Nd2 Bh4+ 18. g3 Bg5 19. Ne2 h4 20. Rf1 Bxe3 21. Qxe3
hxg3 22. hxg3 Rh5 23. Nb3 Ng5 24. O-O-O Qe7 25. Kb2 Nf3 26. Rxf3 gxf3 27. Qxf3
Rh2 28. g4 Qb4 29. gxf5 Qxc4 30. Rd2 Nd7 31. Rc2 Qxb5 32. fxe6 Nxe5 33. dxe5
Qxe5+ 34. Nc3 Rxc2+ 35. Kxc2 Qxe6 36. Qxb7+ Kxb7 37. Nc5+ Kc6 38. Nxe6 Rd6 39.
Nxc7 1/2-1/2

[Event "3rd open PLEVEN XXI"]
[Site "Pleven"]
[Date "2016.10.08"]
[Round "3.10"]
[White "Tsekov, Svetozar"]
[Black "Babatov, Martin"]
[Result "1-0"]
[WhiteElo "2198"]
[BlackElo "1634"]
[PlyCount "105"]
[EventDate "2016.10.07"]
[EventType "swiss"]
[EventRounds "7"]
[EventCountry "BUL"]

1. d4 c6 2. g3 d5 3. Bg2 Bf5 4. Nf3 e6 5. O-O Nf6 6. Nbd2 Nbd7 7. Nh4 Bg6 8.
Nxg6 hxg6 9. e4 Nxe4 10. Nxe4 dxe4 11. Bxe4 Nf6 12. Bg2 Bd6 13. c4 Rc8 14. Qe2
O-O 15. Be3 b6 16. Rfd1 Qe7 17. Rac1 c5 18. a3 cxd4 19. Bxd4 Rfd8 20. b4 Qc7
21. c5 bxc5 22. Bxc5 Bxc5 23. Rxc5 Rxd1+ 24. Qxd1 Qb8 25. Qc2 Rxc5 26. Qxc5 Nd7
27. Qe7 Nb6 28. Bc6 Nd5 29. Qd7 Qc7 30. Qxc7 Nxc7 31. Kf1 Kf8 32. Ke2 Ke7 33.
Kd3 Kd6 34. Bf3 Ne8 35. Kc4 Kc7 36. a4 Nd6+ 37. Kc5 Nc8 38. a5 Nd6 39. b5 Nf5
40. Bc6 g5 41. Be8 Nh6 42. h3 f6 43. g4 f5 44. f3 e5 45. b6+ axb6+ 46. axb6+
Kb7 47. Bc6+ Kb8 48. Kd6 fxg4 49. hxg4 Ng8 50. Kxe5 Ne7 51. Kd6 Nxc6 52. Kxc6
g6 53. Kd6 1-0

[Event "3rd open PLEVEN XXI"]
[Site "Pleven"]
[Date "2016.10.08"]
[Round "3.12"]
[White "Paskalev, Vasil"]
[Black "Velev, Josif"]
[Result "1/2-1/2"]
[WhiteElo "1590"]
[BlackElo "2026"]
[PlyCount "53"]
[EventDate "2016.10.07"]
[EventType "swiss"]
[EventRounds "7"]
[EventCountry "BUL"]

1. e4 e5 2. Nf3 Nc6 3. Bc4 Bc5 4. c3 Nf6 5. d4 exd4 6. cxd4 Bb4+ 7. Nc3 Nxe4 8.
O-O Bxc3 9. d5 Ne5 10. bxc3 Nxc4 11. Qd4 f5 12. Qxc4 d6 13. Re1 O-O 14. Bb2 Bd7
15. Nd4 b5 16. Qd3 Qh4 17. Re2 Nc5 18. Qc2 Rae8 19. Rae1 Rxe2 20. Rxe2 f4 21.
Nf3 Qh5 22. c4 b4 23. Bd4 Re8 24. Rxe8+ Qxe8 25. h3 Qe4 26. Qxe4 Nxe4 27. Bxa7
1/2-1/2

[Event "3rd open PLEVEN XXI"]
[Site "Pleven"]
[Date "2016.10.08"]
[Round "3.13"]
[White "Georgiev, Nikolay Zh."]
[Black "Vasilev, Vergil"]
[Result "1-0"]
[WhiteElo "1574"]
[BlackElo "1956"]
[PlyCount "97"]
[EventDate "2016.10.07"]
[EventType "swiss"]
[EventRounds "7"]
[EventCountry "BUL"]

1. e4 d5 2. exd5 Nf6 3. Bb5+ Bd7 4. Bc4 Bg4 5. f3 Bf5 6. Nc3 Nbd7 7. g4 Bg6 8.
f4 h6 9. d3 a6 10. Qf3 b5 11. Bb3 b4 12. Na4 Rb8 13. Ne2 Qc8 14. Nd4 a5 15. h3
Bh7 16. Be3 g6 17. O-O-O Bg7 18. Rde1 Ra8 19. Bf2 Ng8 20. Nc6 Nb8 21. Re2 Nxc6
22. dxc6 Kf8 23. Bc5 Qe8 24. h4 Rd8 25. Rd1 Bd4 26. Bxe7+ Kg7 27. Bxd8 Qxd8 28.
g5 Ne7 29. Rde1 Nf5 30. gxh6+ Kxh6 31. Bxf7 Qf6 32. Bb3 Rd8 33. Re6 Qf8 34. Qg4
Bf6 35. Kb1 Nd4 36. R6e3 Qd6 37. Qg3 Nf5 38. Qh3 Nxe3 39. Rxe3 Qxf4 40. Rf3
Qxh4 41. Qxh4+ Bxh4 42. Rf7 Re8 43. a3 Re7 44. Nc5 Rxf7 45. Bxf7 Bf2 46. axb4
axb4 47. Na6 Bg3 48. Nxb4 Kh5 49. Nd5 1-0

[Event "3rd open PLEVEN XXI"]
[Site "Pleven"]
[Date "2016.10.08"]
[Round "3.15"]
[White "Nikolov, Nikola"]
[Black "Radev, Rumen Ang."]
[Result "1/2-1/2"]
[WhiteElo "1509"]
[BlackElo "1946"]
[PlyCount "47"]
[EventDate "2016.10.07"]
[EventType "swiss"]
[EventRounds "7"]
[EventCountry "BUL"]

1. d4 Nf6 2. Nf3 d6 3. c4 Nbd7 4. Nc3 e5 5. d5 a5 6. e4 Be7 7. Be3 h6 8. Bd3
Nh7 9. O-O Ng5 10. h3 Nxf3+ 11. Qxf3 Bg5 12. Qe2 Bxe3 13. fxe3 Nc5 14. Bc2 Bd7
15. Rf3 Qh4 16. Raf1 f6 17. Qf2 Qxf2+ 18. R1xf2 O-O 19. Rg3 Kh7 20. Rf1 Rf7 21.
Bd1 g6 22. Bg4 Bxg4 23. Rxg4 Raf8 24. Rg3 1/2-1/2

[Event "3rd open PLEVEN XXI"]
[Site "Pleven"]
[Date "2016.10.08"]
[Round "3.16"]
[White "Green, Moria"]
[Black "Angelov, Kristian"]
[Result "1-0"]
[WhiteElo "1935"]
[BlackElo "1369"]
[PlyCount "59"]
[EventDate "2016.10.07"]
[EventType "swiss"]
[EventRounds "7"]
[EventCountry "BUL"]

1. d4 d5 2. Nf3 Nf6 3. c4 c6 4. cxd5 cxd5 5. Nc3 Nc6 6. Bf4 Bd7 7. e3 Nh5 8.
Nxd5 Nxf4 9. Nxf4 g5 10. Nd3 h6 11. Nde5 Bg7 12. Nxd7 Qxd7 13. Bd3 O-O 14. O-O
Nb4 15. Bb1 Rac8 16. a3 Nd5 17. Qd3 f5 18. Ba2 Kh8 19. Rfd1 e6 20. Nd2 Nb6 21.
b4 e5 22. Nb3 e4 23. Qe2 Qe7 24. Nc5 Rf6 25. Rac1 Rfc6 26. a4 Nd7 27. d5 Rb6
28. d6 Rxd6 29. Rxd6 Qxd6 30. Rd1 1-0

[Event "3rd open PLEVEN XXI"]
[Site "Pleven"]
[Date "2016.10.08"]
[Round "4.5"]
[White "Todorov, Kaloyan"]
[Black "Tsekov, Svetozar"]
[Result "1/2-1/2"]
[WhiteElo "1928"]
[BlackElo "2198"]
[PlyCount "71"]
[EventDate "2016.10.07"]
[EventType "swiss"]
[EventRounds "7"]
[EventCountry "BUL"]

1. e4 c5 2. Nf3 e6 3. g3 Nc6 4. Bg2 Qc7 5. O-O Nf6 6. Qe2 d6 7. Rd1 Be7 8. d4
cxd4 9. Nxd4 Nxd4 10. Rxd4 Bd7 11. Rd1 O-O 12. Bf4 e5 13. Bg5 Bg4 14. f3 Qb6+
15. Be3 Qxb2 16. Nd2 Be6 17. Rab1 Qxc2 18. Rxb7 Bd8 19. Rxa7 Rxa7 20. Bxa7 Qxa2
21. Bf2 Bb3 22. Re1 Ba4 23. Nc4 Qxe2 24. Rxe2 Bb5 25. Rc2 Bxc4 26. Rxc4 Ba5 27.
Bh3 g6 28. Rc6 Rd8 29. Be3 Ne8 30. Rc8 Rxc8 31. Bxc8 Kf8 32. Ba6 f5 33. Kf2 Nf6
34. Bg5 Bb6+ 35. Kg2 Nd7 36. exf5 1/2-1/2

[Event "3rd open PLEVEN XXI"]
[Site "Pleven"]
[Date "2016.10.08"]
[Round "4.10"]
[White "Valov, Vesko"]
[Black "Georgiev, Nikolay Zh."]
[Result "1-0"]
[WhiteElo "1989"]
[BlackElo "1574"]
[PlyCount "73"]
[EventDate "2016.10.07"]
[EventType "swiss"]
[EventRounds "7"]
[EventCountry "BUL"]

1. d4 d5 2. Nf3 Bf5 3. c4 dxc4 4. Nc3 c6 5. e4 Be6 6. d5 cxd5 7. exd5 Bg4 8.
Bxc4 Nd7 9. h3 Bh5 10. Bf4 a6 11. Qe2 Ngf6 12. Rd1 h6 13. O-O g5 14. Bh2 Bg7
15. Rfe1 Bxf3 16. Qxf3 O-O 17. Bb3 b5 18. Qf5 Nb6 19. Bc2 Nc4 20. Ne4 Re8 21.
b3 Nd6 22. Nxf6+ exf6 23. Qh7+ Kf8 24. Qd3 Rxe1+ 25. Rxe1 Ra7 26. Qd4 Rd7 27.
Qc5 Kg8 28. Bd3 Bf8 29. Qd4 Nc8 30. Qe4 Bg7 31. Qe8+ Bf8 32. Qe4 Bg7 33. Rc1
Nb6 34. d6 Qa8 35. Qxa8+ Nxa8 36. Rc8+ Bf8 37. Rxa8 1-0